Книга добрых историй (Запись № 13685637)

Подробности
000 -МАРКЕР
контрольное поле 02172nam0a2200373 4500
001 - ИДЕНТИФИКАТОР ЗАПИСИ
контрольное поле RU\NLR\BIBL_A\022649246
005 - ИДЕНТИФИКАТОР ВЕРСИИ
контрольное поле 20260420055125.0
010 ## - МЕЖДУНАРОДНЫЙ СТАНДАРТНЫЙ НОМЕР КНИГИ (ISBN)
Номер (ISBN) 978-5-6054135-1-6
021 ## - НОМЕР ГОСУДАРСТВЕННОЙ РЕГИСТРАЦИИ
Код страны Российская Федерация
Номер КН-П-25-052662
Номер Листа государственной регистраци КН-П-25-5082
035 ## - ДРУГИЕ СИСТЕМНЫЕ НОМЕРА
Идентификатор записи (NLR Aleph) 022649246
100 ## - ДАННЫЕ ОБЩЕЙ ОБРАБОТКИ
Данные общей обработки 20251021d2025 u y0rusy50 ca
101 0# - ЯЗЫК РЕСУРСА
Язык текста, звукозаписи и т.д. русский
102 ## - СТРАНА ПУБЛИКАЦИИ ИЛИ ПРОИЗВОДСТВА
Страна публикации Российская Федерация
105 ## - ПОЛЕ КОДИРОВАННЫХ ДАННЫХ: ТЕКСТОВЫЕ МАТЕРИАЛЫ, МОНОГРАФИЧЕСКИЕ
Кодированные данные о монографическом текстовом документе ac z 000ay
181 #0 - ПОЛЕ КОДИРОВАННЫХ ДАННЫХ: ВИД СОДЕРЖАНИЯ
Код вида содержания (ISBD) i
Код характеристики содержания (ISBD) axxe
182 #0 - ПОЛЕ КОДИРОВАННЫХ ДАННЫХ: ТИП СРЕДСТВА
Код типа средства (ISBD) n - непосредственное
200 1# - ЗАГЛАВИЕ И СВЕДЕНИЯ ОБ ОТВЕТСТВЕННОСТИ
Основное заглавие Книга добрых историй
Сведения, относящиеся к заглавию [сборник, написанный детьми и взрослыми со всей России]
Первые сведения об ответственности Фонд реализации программ и проектов, направленных на развитие культуры, искусства и "Подари добро детям"
203 ## - ВИД СОДЕРЖАНИЯ И ТИП СРЕДСТВА
Вид содержания Текст
Дополнительные сведения об издании визуальный
Тип средства непосредственный
210 ## - ПУБЛИКАЦИЯ, РАСПРОСТРАНЕНИЕ И ДР.
Место издания, распространения и т.д. Саратов
Имя издателя, распространителя и т. д. КУБиК
Дата издания, распространения и т.д. 2025
215 ## - ФИЗИЧЕСКАЯ ХАРАКТЕРИСТИКА
Специфическое обозначение материала и объем 307 с.
Другие сведения о физической характеристике ил., цв. ил.
Размеры 21
300 ## - ОБЩИЕ ПРИМЕЧАНИЯ
Текст примечания Кн. издана на средства Фонда "Подари добро детям", а также на средства участников Всерос. лит. проекта "Книга добрых историй"
327 0# - ПРИМЕЧАНИЯ О СОДЕРЖАНИИ
Текст примечания Содерж. авт.: Алексеенко Н. В., Баранович Д. Д., Баталова М. Х., Беседин М. О., Бикмулина С. В., Брылева Т. А., Вильная Е. А., Власов Е. А., Волощенюк А. Р., Галюра В. С. [и др.]
333 ## - ПРИМЕЧАНИЯ ОБ ОСОБЕННОСТЯХ РАСПРОСТРАНЕНИЯ И ИСПОЛЬЗОВАНИЯ
Текст примечания Кн. издана огранич. тиражом и запрещена к продаже
686 0# - ИНДЕКСЫ ДРУГИХ КЛАССИФИКАЦИЙ
Индекс Ш9(2)8
686 0# - ИНДЕКСЫ ДРУГИХ КЛАССИФИКАЦИЙ
Индекс Ш9(2)62=Р7я43
712 02 - НАИМЕНОВАНИЕ ОРГАНИЗАЦИИ - ВТОРИЧНАЯ ОТВЕТСТВЕННОСТЬ
Код отношения Прочие
Начальный элемент ввода "Подари добро детям", фонд развития культуры, поддержки детского творчества и помощи детям, нуждающимся в лечении и реабилитации
Идентифицирующий признак Балаково
Системный номер авторитетной/нормативной записи 2683829
Идентификатор авторитетной/нормативной записи RU\NLR\AUTH\880633973
942 ## - ДОПОЛНИТЕЛЬНЫЕ ЭЛЕМЕНТЫ ЗАПИСИ (АБИС)
Тип экземпляра АБИС Книга
980 ## - КОЛЛЕКЦИЯ
Название коллекции Национальная библиография

Нет доступных экземпляров.